Smart kontrakty a blockchain

Guardado en:
Detalles Bibliográficos
Autor principal: Suchý, Róbert (Autor)
Otros Autores: Mastiľak, Lukáš (Orientador)
Formato: Manuscrito Libro
Lenguaje:eslovaco
Publicado: 2022
Materias:
Acceso en línea:http://is.stuba.sk/zp/portal_zp.pl?podrobnosti=155168
Etiquetas: Agregar Etiqueta
Sin Etiquetas, Sea el primero en etiquetar este registro!

MARC

LEADER 00000ntm a22000003a 4500
001 stuzp88096
003 SK-STU
005 20240711114638.9
007 ta
008 150427s2015----xo-----f-mn---000-0-slo-d
040 |a STU  |b slo 
041 0 |a slo 
100 1 |a Suchý, Róbert  |u 070400  |4 aut  |U FIIT Fakulta informatiky a informačných technológií  |T FIIT Ústav počítačového inžinierstva a aplikovanej informatiky  |X 103138  |U I400  |Y 672  |7 103138 
242 0 1 |a Smart contracts and blockchain  |y eng 
245 1 0 |a Smart kontrakty a blockchain 
260 |c 2022 
650 4 |a Blockchain  |2 slo 
650 4 |a Smart kontrakt  |2 slo 
650 4 |a Udržateľnosť  |2 slo 
650 4 |a Ekologické hodnotenie produktov  |2 slo 
650 4 |a Smart contract  |2 eng 
650 4 |a Blockchain  |2 eng 
650 4 |a Sustainability  |2 eng 
650 4 |a Ecological product rating  |2 eng 
700 1 |a Mastiľak, Lukáš  |4 ths  |X 72229  |7 72229 
856 4 |u http://is.stuba.sk/zp/portal_zp.pl?podrobnosti=155168